Najpopularniejsze numery rap/trap tygodnia.13-19.11 Spotify - Statystyki

Ogólne statystyki
  • Ten quiz został rozwiązany 22 razy
  • Średni wynik to 10 z 15
Statystyki odpowiedzi
Wykonawca Odsłuchania Utwór % Poprawnych
Quebonafide, Daria Zawiałow 414K BUBBLETEA
86%
Guzior, Oskar83 876K FALA
86%
Wiatr, Sobel, Be Vis 575K Testarossa
86%
Alberto 424K Dwutakt
82%
Reto 520K Billy Kid
77%
Sobel 380K Impreza
77%
Kabe 544K Nad ranem
77%
Żabson, Young Leosia, Beteo, Borucci 498K ULALA
77%
Taco Hemingway 390K Polskie Tango
68%
Wac Toja 317K Kapitan
64%
Guzior 476K KUSHKOMA
59%
Pezet, Kayah 571K Nisko jest niebo
55%
Favst, Gibbs, Kukon 309K halo
50%
Kizo, Żabson 325K Gra o tron
45%
chillwagon 309K david hustlehoff
27%
Nie znaleziono quizów pasujących do podanych kryteriów
Rozkład punktacji
Procent ludzi z każdym wynikiem
Percentyl według liczby udzielonych odpowiedzi
Twoja historia wyników
Nie rozwiązałeś tego quizu